41_佐賀県の市町村(ひらがな対応・五十音順) - Statistics

General Stats
  • This quiz has been taken 38 times
  • The average score is 17 of 20
Answer Stats
種類 市町村名 % Correct
佐賀市
100%
伊万里市
95%
嬉野市
95%
唐津市
95%
武雄市
95%
鳥栖市
95%
吉野ヶ里町
95%
神埼市
90%
鹿島市
86%
玄海町
86%
有田町
81%
小城市
81%
多久市
81%
大町町
76%
江北町
76%
太良町
76%
みやき町
76%
基山町
71%
上峰町
67%
白石町
62%
No matching quizzes found
Score Distribution
Percent of People with Each Score
Percentile by Number Answered
Your Score History
You have not taken this quiz